| 000 | 00725nam a2200193 a 4500 | ||
|---|---|---|---|
| 001 | 18011 | ||
| 003 | CO-ViMGA | ||
| 008 | 141112s2004 ck r 000 u spa d | ||
| 020 | _a8449424429 | ||
| 040 |
_aCO-ViMGA _bspa _cCO-ViMGA |
||
| 082 | 0 | 4 | _a615.8 E524 |
| 245 | 1 | 0 | _aEnciclopedia de las medicinas alternativas |
| 260 |
_aBarcelona (España), _cOceano, _c2003 |
||
| 300 | _a1568.p. | ||
| 505 | _aAcupresión - Acupuntura - Aromaterapia - Dietas - Fitoterapia - Hidroterapia - Homeopatía - Medicina holística - Medicina china - Masajes - Naturopatía - Nutrición - Reflexología - Remedios caseros | ||
| 590 | _aForma de adquisición : Premio - Mincultura | ||
| 650 | 1 | 4 |
_aMEDICINA ALTERNATIVA _99066 |
| 942 |
_2ddc _cBK |
||
| 999 |
_c27392 _d27392 |
||